| 000 | 01494 a2200217 4500 | ||
|---|---|---|---|
| 001 | 29517 | ||
| 005 | 20260407155605.0 | ||
| 008 | 260407a1985 arg spa d | ||
| 003 | AR-UNSa-BCEJYS | ||
| 040 |
_aAR-UNSa-BCEJYS _bspa _cAR-UNSa-BCEJYS |
||
| 080 |
_a657 _xContabilidad |
||
| 245 | 1 | 0 | _aDinámica Contable |
| 020 | _a950-0109-31-2 | ||
| 264 | 1 |
_aBuenos Aires : _bTesis _c1985 |
|
| 300 |
_a145 p. _c23 cm. |
||
| 505 | _aParte I: Introducción: 1. Datos generales de la empresa - 2. Balance de saldos iniciales de cuentas patrimoniales - 3. Referencias de operaciones realizadas (contabilizadas y omitidas) - 4. Listado de documentos comerciales generados y recepcionados por la empresa en el transcurso del ejercicio: (01-01-1984 al 30-06-1984) -- Parte II: Solución: 1. Registración de hechos y operaciones en subdiarios - 2. Confección de planillas mensuales de liquidación de sueldos - 3. Registración de movimientos de stock en fichas de inventario permanente - 4. Registraciones en libro diario - 5. Fichas de mayor general - 6. Fichas de submayor de deudores por ventas - 7. Balance de comprobación de sumas y saldos al 30-06-1984 y clasificación de las partidas en patrimoniales y de resultados - 8. Presentación de los estados contables básicos, notas y anexos - 9. Ajuste de los estados contables en moneda constante | ||
| 942 | _cBK | ||
| 590 | _aniveau_biblio:m niveau_hierar:0 | ||
| 100 | 1 | _aPahlen Acuña, Ricardo Jose María | |
| 700 | 1 | _aPetraglia, Eduardo R. | |
| 999 |
_c1889 _d1889 |
||